Music in the early years /

Đã lưu trong:
Sonraí Bibleagrafaíochta
Príomhúdar: Pugh, Aelwyn.
Údair Eile: Pugh, Lasley.
Formáid: Leabhar
Teanga:English
Foilsithe: London : Routledge, 1998.
Ábhair:
Clibeanna: Cuir Clib Leis
Gan Chlibeanna, Bí ar an gcéad duine leis an taifead seo a chlibeáil!
Thư viện lưu trữ: Mạng thư viện Đại học Đà Nẵng
LEADER 00822cam a2200325 i 4500
001 000047430
003 7105
005 20030311102259.0
008 010326|1998 vm 000 eng
020 |a 0415141818 
040 |a IRC  |c IRC  |d IRC 
041 0 |a eng 
082 1 4 |a 372.87  |b PU-A 
100 1 |a Pugh, Aelwyn. 
245 0 0 |a Music in the early years /  |c Aelwyn and Lesley Pugh. 
260 |a London :  |b Routledge,  |c 1998. 
300 |a xiv, 206 p. :  |b ill. ;  |c 23.5cm. 
630 0 4 |a School music. 
650 0 4 |a School music  |x Instruction and study. 
700 1 |a Pugh, Lasley. 
OWN |a DUT 
999 |a From the UDN01 
TYP |a Monograph 
TYP |a Printed language 
980 |a Mạng thư viện Đại học Đà Nẵng